01020nam a2200265Ia 4500001000500000003000500005005001700010008004100027010001100068040000900079090002400088100002100112245010800133260008800241300002100329650004400350650016700394901002400561902000600585910000900591942001600600942001600616999001900632952010300651Z_24CHAP20220920193529.0220113s1980 xx 000 0 und d a162990 cCHAP aFolleto 160 PERDIDO aLamela, L964577 aLa caña: como forraje para la producción de leche /cpor L. Lamela, Milagros Milera y M. Esperance aMatanzas, Cuba :bEstación Experimental de Pastos y Forrajes Indio Hatuey,c1980 aHoja desplegable aCaña de azúcar como forraje 918673 aGanado lecheroxAlimentación I. Milera, Milagros II. Esperance, M. III. Estación Experimental de Pastos y Forrajes Indio Hatuey, Perico Matanzas, Cuba9137213 aFOLLETO 160 PERDIDO aM a1980 cFOLL2local cFOLL2local c162990d162990 00102local40708FOLLaZbZc3d2005-11-09l0pz_A0010r2022-01-18 00:00:00t1w2022-01-18yFOLL